000 00711nam a2200265Ia 4500
001 Para_9003
003 CHAP
008 220125s2001 xx 000 0 und d
010 _a207781
040 _cCHAP
082 _aPA 646.7 L48
100 _aLevinstein, Raquel
_9174257
245 _aEn busca de un ayer perdido /
_c por Raquel Levinstein
260 _aMéxico, D.F. :
_b Panorama editorial
300 _a171 p.
650 _aMotivación (psicología)
_979090
650 _aSuperación personal
_9143097
901 _aPA 646.7 L48
902 _aA
905 _a0000002001 x 0000000000 00
910 _a2001
942 _cPARA
942 _cPARA
_d1
999 _c207781
_d207781